| 000 | 00515nam a2200169 i 4500 | ||
|---|---|---|---|
| 001 | 73794 | ||
| 003 | ES-MaACL | ||
| 005 | 20240320062530.0 | ||
| 007 | t| | ||
| 008 | 040913s1908 sp ||||1| spa d | ||
| 100 | 1 |
_aGómez de la Serna, Ramón, _d1888-1963 _957901 |
|
| 245 | 1 | 0 |
_aMorbideces / _cRamón Gómez de la Serna. |
| 260 |
_aMadrid : _b[s.n.], _c1908 ( _fEl Trabajo) |
||
| 300 |
_a150 p. ; _c19 cm. |
||
| 852 |
_aES-MaACL _jF-10321 _z.- An. ms. : ded. del autor al Ateneo de Madrid |
||
| 999 |
_c73794 _d73794 |
||